00926nam a22002417a 4500999001500000001000600015003000900021005001700030008004100047010000700088020001800095040004800113082001900161100002300180245005800203264004200261300002900303504004100332650003100373942001200404952014300416952012500559 c8171d817121678BD-DhUAP20220704174400.0150317s2020 Ben a b 001 0 eng  a  a9789843483843 aBD-DhUAPbBD-DhUAPcDLCeBD-DhUAPdBD-DhUAP 223a342.73 AKK1 aAkkas, Sarkar Ali.10aPrinciples of constitutional law /bSarkar Ali Akkas. 1aDhaka:bBijoy Law Book House.,c2020. axiv, 320 pages ;c22 cm. aIncludes bibliographical references. 0aConstitutional lawzKenya. 2ddccBK 00102ddc4070aUAPCLbUAPCLcGeneral Stacksd2022-07-04l2m2o342.73 AKKp3010021678r2025-01-29s2024-12-30t1v450.00w2022-07-04yBK 00102ddc4070aUAPCLbUAPCLcGeneral Stacksd2022-07-04o342.73 AKKp3010021676r2022-07-04t2v450.00w2022-07-04yBK